| 000 | 00381nam a22001337a 4500 | ||
|---|---|---|---|
| 020 | _a0-13-931296-X | ||
| 082 | _a621.3916 ROB'T | ||
| 100 |
_aLUNDUN, BRIAN, ROBBINS, ALLAN H _966587 |
||
| 245 | _aTRUOBLE SHOOTING MICROPROCESSOR BASED SYSTEM | ||
| 260 |
_aNEWJERSCY _bPRENTICE HALL _c1987 |
||
| 300 | _a301P | ||
| 650 |
_aMICROPROCESSOR MAINTENACE AND REPAIR _966588 |
||
| 942 | _cBK | ||
| 999 |
_c574533 _d574533 |
||